01017nam a2200277 i 450000100060000000300090000600500170001500700030003200800410003502000180007608000220009408000240011624502020014026000330034230000220037549000570039760000240045465000250047870000220050370000330052570000320055874000230059083000570061385200220067085200470069280174ES-MaACL20230906174143.0t|041026s1973 sp ||||1| spa d a84-7039-146-1 a929 El Cid (0:82) a821.134.2-14(082.2)00aHistoria y Romancero del Cid : b(Lisboa, 1605) / cJuan de Escobar ; edición, estudio bibliográfico e índices por Antonio Rodríguez-Moñino ; introducción por Arthur Lee-Francis Askins. aMadrid : bCastalia, c1973. a239 p. ; c24 cm.1 aColección de romanceros de los siglos de oro ; v404aEl Cid-vPoesías. 4aRomances-zEspaña.1 aEscobar, Juan de.1 aRodríguez-Mohino, Antonio.1 aAskins, Arthur Lee-Francis.02aRomancero del Cid.1 aColección de romanceros de los siglos de oro ; v44 aES-MaACLjC-550784 aES-MaACLjP-1417-4 z- Enc. tela verde